Konkurrenz auf den europäischen Eisenbahnnetzen.
Analýza možností a ohraničení konkurencie na európskych železničných sieťach. Ukazuje sa, že konkurencia medzi firmami na tej istej železničnej sieti je nielen možná, ale aj ekonomicky užitočná, za predpokladu, ak má každý dodávateľ služieb rovnaký prístup k sieti. Konkurencia je zlučiteľná i s ponú...
Saved in:
| Main Author: | |
|---|---|
| Format: | Book Chapter |
| Language: | German |
| Subjects: | |
| Tags: |
No Tags, Be the first to tag this record!
|
MARC
| LEADER | 00000naa a2200000 4500 | ||
|---|---|---|---|
| 001 | r009288 | ||
| 005 | 20221130113027.2 | ||
| 041 | 0 | |a ger | |
| 044 | |a DE | ||
| 245 | 1 | 0 | |a Konkurrenz auf den europäischen Eisenbahnnetzen. |c G. Knieps |
| 520 | |a Analýza možností a ohraničení konkurencie na európskych železničných sieťach. Ukazuje sa, že konkurencia medzi firmami na tej istej železničnej sieti je nielen možná, ale aj ekonomicky užitočná, za predpokladu, ak má každý dodávateľ služieb rovnaký prístup k sieti. Konkurencia je zlučiteľná i s ponúkaním neatraktívnych služieb. | ||
| 610 | 2 | 0 | |a siete železničné |
| 610 | 2 | 0 | |a Európa |
| 610 | 2 | 0 | |a konkurencia |
| 610 | 2 | 0 | |a firmy |
| 610 | 2 | 0 | |a služby |
| 100 | 1 | |a Knieps, G. | |